Score 0/15 Timer 01:30
0 Plays Today
Clue 3-Letter Word % Correct
Counterpart of 'her'HIM
96.7%
Partner of green eggsHAM
96.1%
Sleeve fillerARM
93.5%
🎵 ___ Garfunkel 🎵
OR statues and sculptures
ART
93.4%
Align the crosshairsAIM
91.7%
A baby's napkinBIB
89.2%
Short haircut; move like a buoyBOB
86.4%
It's pitched with a pitchforkHAY
85.2%
Clue 3-Letter Word % Correct
Chance to speakSAY
81.6%
Cry loudlySOB
81.1%
Life story, in briefBIO
78.7%
Room that needs a serious cleanupSTY
69%
🎵 Ronnie James ___ 🎵
OR the Italian word for 'God'
DIO
63.8%
🎵 ___ Cook 🎵
OR Simpsons character Disco ___
STU
61.1%
Old French monetary unitSOU
55.9%

Today's Daily Dose

Remove Ads.
Support Sporcle.
Get the best of Sporcle when you Go Orange. This ad-free experience offers more features, more stats, and more fun while also helping to support Sporcle. Thank you for becoming a member.

You're not logged in!

Compare scores with friends on all Sporcle quizzes.
OR
Log In

Show Comments

Extras

Top Quizzes Today


Score Distribution

Your Account Isn't Verified!

In order to create a playlist on Sporcle, you need to verify the email address you used during registration. Go to your Sporcle Settings to finish the process.

Report this User

Report this user for behavior that violates our Community Guidelines.

Details: